La ciudad ideal

Furkejuvvon:
Bibliográfalaš dieđut
Váldodahkki: Al-Farabi, Abu Nasr (Dahkki)
Materiálatiipa: Girji
Giella:espánnjágiella
Almmustuhtton: Madrid Tecnos 1985
Ráidu:Colección Clásicos del Pensamiento, 2
Fáttát:
Fáddágilkorat: Lasit fáddágilkoriid
Eai fáddágilkorat, Lasit vuosttaš fáddágilkora!

MARC

LEADER 00000nam a2200000 a 4500
001 UCO4765
003 CL-VaPUC
008 000811e19850000SP |||||||||||||||||spa|d
082 0 4 |a 320.01  |b ALF  |2 21 
100 0 |a Al-Farabi, Abu Nasr  |e author  |9 449394 
245 1 3 |a La ciudad ideal 
300 |a 131 p 
942 |c BK 
945 |d 20000811 00:00:00  |a crobeson 
260 |a Madrid  |b Tecnos  |c 1985 
650 7 |a TEORIA POLITICA  |2 CL-VaPUC  |9 449395 
650 7 |a FILOSOFIA POLITICA  |2 CL-VaPUC  |9 449396 
650 7 |a PENSAMIENTO ISLAMICO  |2 CL-VaPUC  |9 449397 
583 |a last modification  |c 20000811 00:00:00  |k Rodrigo Vera 
490 0 |a Colección Clásicos del Pensamiento, 2 
999 |c 290761  |d 290759 
952 |0 0  |1 0  |4 0  |6 320_010000000000000_ALF_1985  |7 0  |8 A  |9 340330  |a BIBART  |b BIBART  |d 2019-11-20  |i 1215582  |o 320.01 ALF 1985  |p 1215582  |r 2025-03-13  |w 2019-11-20  |y BK  |k ART